000 01436nam0a22003131 4500
001 rc\488354
005 20250621103623.0
010 _a5-01-001580-3
_9320000
035 _a(NLR Aleph) 005730520
090 _a7573971
_c7573971
100 _a20030616d1988 |||y0rusy50 ca
101 0 _arus
102 _aRU
105 _aa |||||||||
200 1 _aВолчицы
_fПьер Буало, Тома Нарсежак
210 _aМ.
_cПрогресс
_d1988
215 _a412, [2] с.
_cил.
_d21
300 _aЗагл. пер.: Ловушка для Золушки
300 _aНа пер. авт. не указаны
423 0 _12001#$aЛифт на эшафот$fНоэль Калеф
_1700#1$aКалеф$bН.$gНоэль$f1907-1968$3RU\NLR\AUTH\770158005
_tЛифт на эшафот
_aКалеф, Ноэль (1907-1968)
423 0 _12001#$aЛовушка для Золушки$eРоманы$eПер. с фр.$fСебастьян Жапризо$g[К сб. в целом: Сост. и авт. предисл. Ю.П. Уваров$gХудож. Ю.А. Ноздрин]
_1700#1$aЖапризо$bС.$gСебастьян
_tЛовушка для Золушки
_aЖапризо, Себастьян
700 1 _aБуало
_bП.
_f1906-1989
_gПьер
701 1 _aНарсежак
_bТ.
_gТома
801 0 _aRU
_bNLR
_gpsbo
801 1 _aRU
_bELAR
_2rusmarc
852 _aNLR
_j89-3/935
942 _cBOOK
980 _aNB